ბათუმის შოთა რუსთაველის სახელმწიფო უნივერსიტეტის ბიბლიოთეკა

Junqueira's basic histology : text and atlas / (ბიბ.ჩანაწერი № 62212)

000 -LEADER
fixed length control field 00978nam a22001937a 4500
005 - DATE AND TIME OF LATEST TRANSACTION
control field 20240801195503.0
008 - FIXED-LENGTH DATA ELEMENTS--GENERAL INFORMATION
fixed length control field 240801s2016 en ||||| |||| 00| 0 eng d
020 ## - INTERNATIONAL STANDARD BOOK NUMBER
International Standard Book Number 9781259250989 X
041 ## - LANGUAGE CODE
Language code of text/sound track or separate title eng
080 ## - UNIVERSAL DECIMAL CLASSIFICATION NUMBER
Universal Decimal Classification number 611.018+576 M-60
100 ## - MAIN ENTRY--PERSONAL NAME
Personal name Mescher, Anthony L
Dates associated with a name (Author)
9 (RLIN) 23047
245 ## - TITLE STATEMENT
Title Junqueira's basic histology : text and atlas /
Statement of responsibility, etc. Anthony L. Mescher
250 ## - EDITION STATEMENT
Edition statement Fourteenth edition
264 ## - PRODUCTION, PUBLICATION, DISTRIBUTION, MANUFACTURE, AND COPYRIGHT NOTICE
Place of production, publication, distribution, manufacture New York:
Name of producer, publisher, distributor, manufacturer McGraw-Hill Education,
Date of production, publication, distribution, manufacture, or copyright notice 2016.
300 ## - PHYSICAL DESCRIPTION
Extent xi, 560 pages :
Other physical details illustrations (chiefly color) ;
Dimensions 28 cm.
653 ## - INDEX TERM--UNCONTROLLED
keyword Explains the function of cell and tissue structure in the human body. Updated to reflect the research in the field, and enhanced with more than 1,000 illustrations, this title includes chapters focusing on the cytoplasmic and nuclear compartment of the cell, the four basic tissues that form the organs, and each organ system
653 ## - INDEX TERM--UNCONTROLLED
keyword სამედიცინო ემბრიოლოგია
942 ## - ADDED ENTRY ELEMENTS (KOHA)
Source of classification or shelving scheme
Koha item type წიგნი
ეგზემპლარები
Withdrawn status Lost status Source of classification or shelving scheme Damaged status Not for loan Permanent Location Current Location Shelving location Date acquired Cost, normal purchase price Full call number Barcode Date last seen Copy number Uniform Resource Identifier Price effective from Koha item type Public note
          ბათუმის შოთა რუსთაველის სახელმწიფო უნივერსიტეტის მთავარი ბიბლიოთეკა ბათუმის შოთა რუსთაველის სახელმწიფო უნივერსიტეტის მთავარი ბიბლიოთეკა წიგნსაცავი 2024-08-01 25.00 611.018+576 M-60 66104 2024-08-01 66104 ნაჩუქარი 2024-08-01 წიგნი 25.00
          ბათუმის შოთა რუსთაველის სახელმწიფო უნივერსიტეტის მთავარი ბიბლიოთეკა ბათუმის შოთა რუსთაველის სახელმწიფო უნივერსიტეტის მთავარი ბიბლიოთეკა წიგნსაცავი 2026-02-02 25.00 611.018+576 M-60 73667 2026-02-02 73667 ნაჩუქარი 2026-02-02 წიგნი 25.00